Fr. Conceicao Rodrigues College of Engineering

Osborne 4 & 8 Bit Microprocessor Handbook (Record no. 28459)

MARC details
000 -LEADER
fixed length control field 00329nam a2200145Ia 4500
082 ## - DEWEY DECIMAL CLASSIFICATION NUMBER
Classification number 1.642
Item number OSB
100 ## - MAIN ENTRY--PERSONAL NAME
Personal name Osborne/Adam/ Kone/Gerry
245 ## - TITLE STATEMENT
Title Osborne 4 & 8 Bit Microprocessor Handbook
260 ## - PUBLICATION, DISTRIBUTION, ETC.
Name of publisher, distributor, etc. Osborne Mc graw Hill
Date of publication, distribution, etc. 1981
490 ## - SERIES STATEMENT
Volume/sequential designation 3
546 ## - LANGUAGE NOTE
Language note ENGLISH
654 ## - SUBJECT ADDED ENTRY--FACETED TOPICAL TERMS
Focus term Computer
942 ## - ADDED ENTRY ELEMENTS (KOHA)
Koha item type BOOK
Holdings
Withdrawn status Lost status Damaged status Not for loan Collection Home library Current library Date acquired Total Checkouts Full call number Barcode Date last seen Price effective from Koha item type
        CRC Fr. Agnel's C.Rodrigues College of Engineering Fr. Agnel's C.Rodrigues College of Engineering 17/03/2023   1.642 OSB 11178 17/03/2023 17/03/2023 BOOK